000 00330nam a22001457a 4500
008 210308b ||||| |||| 00| 0 eng d
020 _a9780321692603
041 _aeng
080 _23rd
_a311
082 _2311
100 _a55
101 _aSTA
245 _aStats DATA and Models
_cDE VEAUX , WELLEMAN BOCK
942 _2udc
_cBK
999 _c55911
_d55911